| 000 | 01090cam a2200289 a 4500 | ||
|---|---|---|---|
| 001 | 2645 | ||
| 005 | 20240108132643.0 | ||
| 020 | _a0803725183 | ||
| 040 |
_aDLC _cDLC _dDLC _beng |
||
| 050 | 0 | 0 |
_aPZ7.P338 _bYh 2000 |
| 082 | 0 | 0 |
_a813.54 _221 |
| 100 | 1 |
_aPeck, Richard _d1934-2018 |
|
| 245 | 1 | 2 |
_aA year down yonder / _cRichard Peck |
| 250 | _aFirst Scholastic printing, September 2002 | ||
| 260 |
_aNew York : _bScholastic, _c2000 |
||
| 300 |
_a130 pages ; _c20 cm |
||
| 500 | _aSequel to: A long way from Chicago. | ||
| 505 | _aO | ||
| 520 | _aIn 1937, during the Depression, fifteen-year-old Mary Alice, initially apprehensive about leaving Chicago to spend a year with her fearsome, larger-than-life grandmother in rural Illinois, gradually begins to better understand and admire her grandmother's unusual qualities. | ||
| 521 |
_a670 _bLexile |
||
| 521 |
_aO _bRaz-Plus |
||
| 650 | 1 |
_aGrandmothers _vFiction. |
|
| 650 | 1 |
_aDepressions _y1929 _vFiction. |
|
| 650 | 1 |
_aCountry life _zIllinois _vFiction. |
|
| 906 |
_a7 _bcbc _corignew _d1 _eocip _f19 _gy-gencatlg |
||
| 942 |
_2ddc _cBK _n0 |
||
| 999 |
_c2645 _d2645 |
||